[Event "British Chess Championship 2010"]
[Site "Canterbury ENG"]
[Date "2010.07.26"]
[Round "1.28"]
[White "Krzyzanowski, Patryk"]
[Black "Jackson, James P"]
[Result "1/2-1/2"]
[WhiteElo "2030"]
[BlackElo "2135"]
[PlyCount "158"]
[EventDate "2010.07.27"]
[EventType "swiss"]
[EventRounds "11"]
[EventCountry "ENG"]
[Source "lmi"]
[SourceDate "2010.07.25"]

1. c4 Nf6 2. Nc3 c5 3. g3 e6 4. Nf3 b6 5. Bg2 Bb7 6. O-O Be7 7. b3 d6 8. Bb2 a6
9. e3 O-O 10. Qc2 Qc7 11. Rad1 Nbd7 12. d4 cxd4 13. Rxd4 Rac8 14. a4 Rfe8 15.
Rfd1 Qb8 16. e4 Qa8 17. Ne1 Nc5 18. f3 Ncd7 19. Ba3 d5 20. Bxe7 Rxe7 21. exd5
exd5 22. Bh3 Rce8 23. Kf2 b5 24. Bxd7 Rxd7 25. axb5 Qa7 26. Kf1 Rde7 27. Qf2
dxc4 28. bxc4 Qc5 29. Nd3 Qh5 30. Rf4 axb5 31. cxb5 Nd5 32. Rh4 Qf5 33. Ne4
Rxe4 34. fxe4 Ne3+ 35. Ke2 Qxf2+ 36. Nxf2 Nxd1 37. Kxd1 Re5 38. Kd2 Rxb5 39.
Rf4 f6 40. Nd3 Ra5 41. h4 Ba6 42. Nb4 Bc8 43. Nc6 Ra2+ 44. Ke3 Bd7 45. Nb4 Ra3+
46. Kf2 Rb3 47. Nd5 Be6 48. Rf3 Rb2+ 49. Ke3 Kf7 50. Kd4 Re2 51. Ra3 f5 52.
Ra7+ Kf8 53. Ra8+ Kf7 54. Ra7+ Kf8 55. Nc3 Rc2 56. Ke5 Bf7 57. Nd5 fxe4 58.
Ra8+ Be8 59. Kxe4 Re2+ 60. Kf5 Kf7 61. Ra7+ Kf8 62. Nf4 Rf2 63. Kg5 Bf7 64. h5
Rb2 65. Ra5 Rb6 66. Ra8+ Ke7 67. Ra7+ Kf8 68. Ra5 Rd6 69. Kf5 Rf6+ 70. Ke5 h6
71. g4 Rb6 72. Rc5 Ra6 73. Rb5 Rc6 74. Rb8+ Ke7 75. Nd5+ Bxd5 76. Rb7+ Kf8 77.
Kxd5 Ra6 78. Ke5 Rf6 79. Ra7 Kg8 1/2-1/2

[Event "British Chess Championship 2010"]
[Site "Canterbury ENG"]
[Date "2010.07.26"]
[Round "1.29"]
[White "Josse, Mark"]
[Black "McCullough, Simon L"]
[Result "1-0"]
[WhiteElo "2128"]
[BlackElo "2030"]
[PlyCount "129"]
[EventDate "2010.07.27"]
[EventType "swiss"]
[EventRounds "11"]
[EventCountry "ENG"]
[Source "lmi"]
[SourceDate "2010.07.25"]

1. e4 c5 2. Nc3 Nc6 3. Nf3 g6 4. Bb5 Nd4 5. Bc4 Bg7 6. Nxd4 cxd4 7. Qf3 e6 8.
Nb5 d6 9. Qa3 Be5 10. O-O g5 11. c3 dxc3 12. bxc3 a6 13. d4 Bd7 14. Nxd6+ Bxd6
15. Qxd6 Rc8 16. Be2 Qe7 17. Qe5 f6 18. Bh5+ Kf8 19. Qg3 h6 20. f4 Kg7 21. e5
Bb5 22. Rf2 Rh7 23. a4 Be8 24. Ba3 Qd7 25. Bxe8 Qxe8 26. fxg5 f5 27. gxh6+ Kh8
28. Bc1 Qc6 29. Rf3 Ne7 30. Bg5 Nd5 31. Qh4 Rf8 32. Rc1 Qc4 33. a5 Rhf7 34. Qh5
Kh7 35. Qh4 f4 36. Qf2 Rf5 37. h4 R8f7 38. Qf1 Qa2 39. Ra1 Qc2 40. Qd3 Qb2 41.
Rb1 Qa2 42. Rf2 Qxa5 43. c4 Qc3 44. Qxc3 Nxc3 45. Rb6 Ne4 46. Rfb2 Nxg5 47.
hxg5 Rxg5 48. Rxe6 f3 49. Reb6 Rf4 50. Rd6 b5 51. cxb5 axb5 52. Rc2 Rfg4 53.
Rc7+ Kh8 54. Rd8+ Rg8 55. Rxg8+ Rxg8 56. Rd7 Rxg2+ 57. Kf1 Re2 58. Rb7 Re4 59.
Rd7 Re2 60. Rd5 Kh7 61. Rd6 b4 62. Rb6 Rb2 63. e6 b3 64. d5 Re2 65. Rxb3 1-0

[Event "British Chess Championship 2010"]
[Site "Canterbury ENG"]
[Date "2010.07.26"]
[Round "1.30"]
[White "Mackle, Dominic"]
[Black "Goodger, Martyn"]
[Result "1-0"]
[WhiteElo "2021"]
[BlackElo "2123"]
[PlyCount "113"]
[EventDate "2010.07.27"]
[EventType "swiss"]
[EventRounds "11"]
[EventCountry "ENG"]
[Source "lmi"]
[SourceDate "2010.07.25"]

1. d4 f5 2. Bg5 g6 3. e3 Bg7 4. Nd2 Nc6 5. f4 Nf6 6. Bc4 d5 7. Bb5 Qd6 8. Bxf6
Bxf6 9. c3 a6 10. Bd3 Be6 11. Ngf3 O-O 12. Nb3 b6 13. h4 Nd8 14. Qe2 c5 15.
Nbd2 c4 16. Bc2 h5 17. Ne5 Bxe5 18. fxe5 Qc6 19. Nf3 Nf7 20. Qf2 Nh6 21. Qg3
Ng4 22. Qf4 Rf7 23. O-O b5 24. Ng5 Rff8 25. Nh3 Bf7 26. Qg5 e6 27. Bd1 Kh7 28.
Bxg4 hxg4 29. Nf4 Rg8 30. g3 Qd7 31. Kg2 Qd8 32. a4 bxa4 33. Rxa4 Qxg5 34. hxg5
Rgb8 35. Rb1 Rb6 36. b4 cxb3 37. Rb4 Rxb4 38. cxb4 Rc8 39. Rxb3 Rc2+ 40. Kf1
Be8 41. Nxe6 Bb5+ 42. Kg1 Rc1+ 43. Kf2 Rc2+ 44. Ke1 Bc4 45. Ra3 Rb2 46. Nc5
Rxb4 47. Nxa6 Bxa6 48. Rxa6 Rb3 49. Ke2 Rb2+ 50. Kd3 Rb3+ 51. Kd2 Rb2+ 52. Kc3
Rg2 53. Kb4 Rxg3 54. Kc5 Rxe3 55. Kxd5 Rb3 56. Ke6 Rb6+ 57. Rxb6 1-0

[Event "British Chess Championship 2010"]
[Site "Canterbury ENG"]
[Date "2010.07.26"]
[Round "1.31"]
[White "Henderson, Ian R"]
[Black "Combie, Alex B"]
[Result "1-0"]
[WhiteElo "2108"]
[BlackElo "2018"]
[PlyCount "117"]
[EventDate "2010.07.27"]
[EventType "swiss"]
[EventRounds "11"]
[EventCountry "ENG"]
[Source "lmi"]
[SourceDate "2010.07.25"]

1. d4 Nf6 2. c4 g6 3. Nc3 Bg7 4. e4 d6 5. Be2 O-O 6. Nf3 e5 7. O-O Nc6 8. d5
Ne7 9. Ne1 Nd7 10. Be3 f5 11. f3 f4 12. Bf2 h5 13. a4 a5 14. Nd3 b6 15. b4 axb4
16. Nxb4 g5 17. Nd3 Nf6 18. Be1 Ng6 19. Nf2 Bd7 20. h3 Qc8 21. a5 bxa5 22. c5
dxc5 23. Na4 Bxa4 24. Qxa4 Rd8 25. Bxa5 Rd6 26. Qc2 Nd7 27. Nd3 c6 28. Nb2 cxd5
29. exd5 e4 30. fxe4 Bd4+ 31. Kh1 g4 32. Bc3 gxh3 33. Bxd4 hxg2+ 34. Kxg2 f3+
35. Bxf3 Rxa1 36. Rxa1 Nh4+ 37. Kh1 Ne5 38. Ra8 Qxa8 39. Bxe5 Rg6 40. Qe2 Qc8
41. Kh2 Qd8 42. Nd3 Nf5 43. Qf2 Ne3 44. Nf4 Ng4+ 45. Bxg4 Rxg4 46. Kh3 Qg5 47.
Bc7 Rg1 48. Kh2 Rg4 49. Kh3 Rg1 50. Qf3 Rg4 51. Ng2 Qe7 52. Bf4 Qd7 53. Kh2 c4
54. e5 Rg7 55. e6 Qe7 56. Qe4 h4 57. d6 Qe8 58. e7 h3 59. Nh4 1-0

[Event "British Chess Championship 2010"]
[Site "Canterbury ENG"]
[Date "2010.07.26"]
[Round "1.33"]
[White "Jones, Victor G L"]
[Black "Doran, Chris"]
[Result "1-0"]
[WhiteElo "2105"]
[BlackElo "1997"]
[PlyCount "57"]
[EventDate "2010.07.27"]
[EventType "swiss"]
[EventRounds "11"]
[EventCountry "ENG"]
[Source "lmi"]
[SourceDate "2010.07.25"]

1. e4 c5 2. Nf3 d6 3. d4 cxd4 4. Nxd4 Nf6 5. Nc3 g6 6. Be3 Bg7 7. f3 O-O 8. Qd2
Nc6 9. Bc4 Bd7 10. h4 Rc8 11. Bb3 h5 12. O-O-O Ne5 13. Bg5 Rc5 14. Kb1 b5 15.
g4 hxg4 16. h5 Nxh5 17. Rxh5 gxh5 18. Nd5 Rxd5 19. Bxd5 Qe8 20. Bh6 e6 21. Qg5
Ng6 22. Nf5 exf5 23. Qxg6 Qe5 24. Bxg7 Qxg7 25. Qxd6 Be6 26. Bxe6 fxe6 27.
Qxe6+ Qf7 28. Qh6 fxe4 29. Rd6 1-0

[Event "British Chess Championship 2010"]
[Site "Canterbury ENG"]
[Date "2010.07.26"]
[Round "1.34"]
[White "Van Kemenade, Rudy"]
[Black "Clarke, Brandon G I"]
[Result "0-1"]
[WhiteElo "1995"]
[BlackElo "2097"]
[PlyCount "96"]
[EventDate "2010.07.27"]
[EventType "swiss"]
[EventRounds "11"]
[EventCountry "ENG"]
[Source "lmi"]
[SourceDate "2010.07.25"]

1. e4 e6 2. d4 d5 3. Nc3 Nf6 4. e5 Nfd7 5. f4 c5 6. dxc5 Bxc5 7. Qg4 O-O 8. Nf3
f5 9. Qh3 Qb6 10. Bd3 Bf2+ 11. Ke2 Nc5 12. Rf1 Nxd3 13. cxd3 Bc5 14. Na4 Qa5
15. Nxc5 Qxc5 16. Be3 Qc2+ 17. Nd2 Qxb2 18. Bc5 Re8 19. Rfb1 Qc2 20. Rc1 Qa4
21. g4 Qxf4 22. gxf5 Qxe5+ 23. Kf2 Qxf5+ 24. Qxf5 exf5 25. Nf3 Nc6 26. Rab1 Ne5
27. Nxe5 Rxe5 28. Bd4 Re7 29. Re1 Rxe1 30. Rxe1 Kf7 31. Rc1 g5 32. Rc7+ Kg6 33.
Rg7+ Kh6 34. h4 gxh4 35. Rg8 Kh5 36. Be3 h6 37. Rh8 Kg6 38. Rxh6+ Kg7 39. Rd6
b6 40. Bd4+ Kf7 41. Rxd5 Be6 42. Rd6 Rc8 43. a4 Rc2+ 44. Ke3 h3 45. Rd8 h2 46.
Rh8 Bd5 47. Rh7+ Kg6 48. Rg7+ Kh6 0-1

[Event "British Chess Championship 2010"]
[Site "Canterbury ENG"]
[Date "2010.07.26"]
[Round "1.35"]
[White "Brown, Martin"]
[Black "Cumming, Rhys"]
[Result "1/2-1/2"]
[WhiteElo "2093"]
[BlackElo "1986"]
[PlyCount "73"]
[EventDate "2010.07.27"]
[EventType "swiss"]
[EventRounds "11"]
[EventCountry "ENG"]
[Source "lmi"]
[SourceDate "2010.07.25"]

1. e4 c5 2. Nf3 Nc6 3. d4 cxd4 4. Nxd4 g6 5. Nc3 Bg7 6. Be3 Nf6 7. Bc4 O-O 8.
Bb3 d6 9. f3 Na5 10. Qd2 Nxb3 11. axb3 Re8 12. O-O a6 13. Nde2 Bd7 14. Na4 Bxa4
15. bxa4 Nd7 16. Rab1 Qc7 17. b3 Rec8 18. c4 b5 19. axb5 axb5 20. cxb5 Qa5 21.
Qxa5 Rxa5 22. Rfc1 Rxc1+ 23. Rxc1 Rxb5 24. Rc7 Nf8 25. Rxe7 Rxb3 26. Kf2 Bf6
27. Re8 Kg7 28. Rc8 Nd7 29. Nd4 Rd3 30. Rc7 Bxd4 31. Bxd4+ Rxd4 32. Rxd7 Kf6
33. Ke3 Rd1 34. Rd8 h5 35. Ra8 Rh1 36. h3 Rb1 37. Ra2 1/2-1/2

[Event "British Chess Championship 2010"]
[Site "Canterbury ENG"]
[Date "2010.07.26"]
[Round "1.36"]
[White "Sathyanandha, Saravanan"]
[Black "Jones, William E G"]
[Result "0-1"]
[WhiteElo "1986"]
[BlackElo "2091"]
[PlyCount "130"]
[EventDate "2010.07.27"]
[EventType "swiss"]
[EventRounds "11"]
[EventCountry "ENG"]
[Source "lmi"]
[SourceDate "2010.07.25"]

1. e4 c5 2. c3 Nf6 3. e5 Nd5 4. Nf3 Nc6 5. d4 cxd4 6. Bc4 e6 7. cxd4 d6 8. O-O
Be7 9. Re1 O-O 10. exd6 Qxd6 11. Nc3 a6 12. Bb3 Rd8 13. Qe2 Bd7 14. Be3 Rac8
15. Qd2 Be8 16. Bxd5 exd5 17. Bf4 Qb4 18. Ne5 Bf8 19. Rad1 Na5 20. Nd3 Qxd4 21.
Be3 Qg4 22. Bb6 Nc4 23. Ne5 Nxe5 24. Rxe5 Rd6 25. Rg5 Qb4 26. Bd4 f6 27. a3 Qa5
28. Rg3 Bf7 29. Qf4 Rcc6 30. h4 Qd8 31. Re1 Qd7 32. Ree3 Bg6 33. Kh2 Re6 34.
Qg4 f5 35. Qf3 Bd6 36. Qxd5 Bxg3+ 37. Rxg3 Qxd5 38. Nxd5 Rc4 39. Rd3 Re4 40.
Bc3 Rxh4+ 41. Kg1 Rhe4 42. f3 Re8 43. b3 Rcc8 44. Bb4 Kf7 45. Nb6 Rc7 46. Nc4
Re6 47. Rd8 Kf6 48. f4 Be8 49. Bc3+ Ke7 50. Rd5 b5 51. Bb4+ Kf6 52. Bc3+ Ke7
53. Bb4+ Kf6 54. Bc3+ Kg6 55. Ne5+ Kh6 56. Rd3 Bh5 57. Bd2 Rc2 58. g4 Bxg4 59.
Nxg4+ fxg4 60. f5+ Rxd2 61. Rxd2 Re3 62. a4 Rxb3 63. Rd6+ Kg5 64. Rxa6 bxa4 65.
Rxa4 Kxf5 0-1

[Event "British Chess Championship 2010"]
[Site "Canterbury ENG"]
[Date "2010.07.26"]
[Round "1.37"]
[White "Galliano, Alexander"]
[Black "Dines, Sheila J"]
[Result "1/2-1/2"]
[WhiteElo "2085"]
[BlackElo "1931"]
[PlyCount "59"]
[EventDate "2010.07.27"]
[EventType "swiss"]
[EventRounds "11"]
[EventCountry "ENG"]
[Source "lmi"]
[SourceDate "2010.07.25"]

1. e4 e5 2. Nf3 Nc6 3. Bc4 Nf6 4. d3 h6 5. Nc3 Be7 6. Nd5 d6 7. c3 O-O 8. Nxf6+
Bxf6 9. Be3 Na5 10. Qd2 Nxc4 11. dxc4 Be6 12. b3 Be7 13. O-O-O c5 14. h3 a6 15.
g4 b5 16. cxb5 axb5 17. Kb1 Qa5 18. Qb2 Ra6 19. Rd2 Rfa8 20. Rc1 Qc7 21. Ne1
Rxa2 22. Qxa2 Rxa2 23. Kxa2 Qa5+ 24. Kb2 b4 25. c4 Qa3+ 26. Kb1 Qxb3+ 27. Rb2
Qa4 28. Ra2 Qb3+ 29. Rb2 Qa4 30. Ra2 1/2-1/2

[Event "British Chess Championship 2010"]
[Site "Canterbury ENG"]
[Date "2010.07.26"]
[Round "1.38"]
[White "Messam-Sparks, Lateefah"]
[Black "Mayhew, Andrew"]
[Result "1-0"]
[WhiteElo "1904"]
[BlackElo "2085"]
[PlyCount "129"]
[EventDate "2010.07.27"]
[EventType "swiss"]
[EventRounds "11"]
[EventCountry "ENG"]
[Source "lmi"]
[SourceDate "2010.07.25"]

1. d4 Nf6 2. Bf4 g6 3. Nd2 Bg7 4. e4 d6 5. Ngf3 O-O 6. c3 Nfd7 7. Qb3 e5 8. Be3
Nc6 9. Be2 h6 10. dxe5 dxe5 11. Rd1 Qe7 12. O-O Kh8 13. Bb5 Nd8 14. Bxd7 Bxd7
15. Qc4 Ne6 16. Nb3 a6 17. Bc5 Nxc5 18. Qxc5 Qxc5 19. Nxc5 Bc6 20. Rfe1 a5 21.
Nd3 Rfe8 22. Nc5 b6 23. Nb3 Kh7 24. Nfd2 Rad8 25. f3 Rd7 26. Nf1 Red8 27. Ne3
a4 28. Nc1 Bf8 29. Kf1 Bc5 30. Rxd7 Rxd7 31. Ke2 Bb5+ 32. c4 Ba6 33. b3 b5 34.
Nd3 Bd4 35. Nb4 Bc8 36. Nbd5 Kg7 37. cxb5 axb3 38. axb3 Bb7 39. Rc1 Bxe3 40.
Nxe3 f6 41. Nc4 Bc8 42. Nb6 cxb6 43. Rxc8 g5 44. Rc6 Rd4 45. Rxb6 Rb4 46. Kd2
Rxb3 47. Kc2 Rb4 48. Kc3 Rb1 49. Rb7+ Kg6 50. b6 h5 51. Rb8 Kf7 52. b7 Kg7 53.
g3 Rb6 54. Kc4 Rb1 55. Kd5 Rb2 56. Ke6 Rb3 57. h3 h4 58. gxh4 gxh4 59. Kf5
Rxf3+ 60. Kg4 Rb3 61. Kxh4 Rb4 62. Kg3 Kh7 63. h4 Kg7 64. h5 Kh7 65. h6 1-0

[Event "British Chess Championship 2010"]
[Site "Canterbury ENG"]
[Date "2010.07.26"]
[Round "1.39"]
[White "Grant, David J"]
[Black "Tambini, Jasper"]
[Result "1/2-1/2"]
[WhiteElo "2082"]
[BlackElo "1890"]
[PlyCount "52"]
[EventDate "2010.07.27"]
[EventType "swiss"]
[EventRounds "11"]
[EventCountry "ENG"]
[Source "lmi"]
[SourceDate "2010.07.25"]

1. e4 e5 2. Nf3 Nc6 3. Bb5 a6 4. Ba4 Nf6 5. O-O Be7 6. Re1 b5 7. Bb3 O-O 8. c3
d6 9. h3 Na5 10. Bc2 c5 11. d4 Qc7 12. Nbd2 cxd4 13. cxd4 Bd7 14. Nf1 Rac8 15.
Ne3 Nc6 16. d5 Nb4 17. Bb1 a5 18. a3 Na6 19. b4 a4 20. Bd2 Rfe8 21. Bd3 Qb7 22.
Nh2 h5 23. Qf3 g6 24. g4 Nh7 25. Qg2 h4 26. Nf3 g5 1/2-1/2

[Event "British Chess Championship 2010"]
[Site "Canterbury ENG"]
[Date "2010.07.27"]
[Round "2.1"]
[White "Adams, Michael"]
[Black "Summerscale, Aaron P"]
[Result "1-0"]
[WhiteElo "2706"]
[BlackElo "2428"]
[PlyCount "57"]
[EventDate "2010.07.27"]
[EventType "swiss"]
[EventRounds "11"]
[EventCountry "ENG"]
[Source "lmi"]
[SourceDate "2010.07.25"]

1. e4 c6 2. d4 d5 3. e5 Bf5 4. Nf3 e6 5. Be2 c5 6. Be3 cxd4 7. Nxd4 Ne7 8. Nd2
Nbc6 9. N2f3 Be4 10. O-O Ng6 11. Bb5 Qd7 12. Ng5 Ngxe5 13. f4 Ng6 14. Nxe4 dxe4
15. f5 exf5 16. Bxc6 bxc6 17. Nxf5 Qxd1 18. Raxd1 Ne5 19. Rf4 f6 20. Rxe4 g6
21. Nd6+ Bxd6 22. Rxd6 O-O 23. Bh6 Rf7 24. h3 Re8 25. Rxc6 g5 26. b3 Rfe7 27.
Rxf6 Nd7 28. Rxe7 Rxe7 29. Rc6 1-0

[Event "British Chess Championship 2010"]
[Site "Canterbury ENG"]
[Date "2010.07.27"]
[Round "2.2"]
[White "Hunt, Adam C"]
[Black "Pert, Nicholas"]
[Result "1/2-1/2"]
[WhiteElo "2408"]
[BlackElo "2551"]
[PlyCount "52"]
[EventDate "2010.07.27"]
[EventType "swiss"]
[EventRounds "11"]
[EventCountry "ENG"]
[Source "lmi"]
[SourceDate "2010.07.25"]

1. e4 c5 2. Nf3 Nc6 3. d4 cxd4 4. Nxd4 e5 5. Nb5 d6 6. N1c3 a6 7. Na3 b5 8. Nd5
Nge7 9. c4 Nxd5 10. exd5 Nd4 11. cxb5 Be7 12. Be3 Nf5 13. Bd2 e4 14. bxa6 O-O
15. Bb5 Bf6 16. Nc4 Bxa6 17. Bxa6 Rxa6 18. O-O Qa8 19. Bc3 Bxc3 20. bxc3 Rxa2
21. Rxa2 Qxa2 22. Ne3 Nxe3 23. fxe3 Qc4 24. Qd4 Rc8 25. Rb1 Qxd4 26. cxd4 Kf8
1/2-1/2

[Event "British Chess Championship 2010"]
[Site "Canterbury ENG"]
[Date "2010.07.27"]
[Round "2.3"]
[White "Rendle, Thomas E"]
[Black "Conquest, Stuart C"]
[Result "1/2-1/2"]
[WhiteElo "2391"]
[BlackElo "2523"]
[PlyCount "64"]
[EventDate "2010.07.27"]
[EventType "swiss"]
[EventRounds "11"]
[EventCountry "ENG"]
[Source "lmi"]
[SourceDate "2010.07.25"]

1. e4 c5 2. Nf3 Nc6 3. Bb5 e6 4. Bxc6 bxc6 5. d3 Ne7 6. Qe2 Qc7 7. e5 f6 8. b3
fxe5 9. Nxe5 d6 10. Nc4 Nf5 11. f4 Be7 12. Bb2 O-O 13. O-O Nd4 14. Qd2 Bd7 15.
Nc3 Rf7 16. Ne2 Nf5 17. Rf3 Raf8 18. Raf1 Nh4 19. R3f2 Ng6 20. Ng3 Nh4 21. Ne3
Qb8 22. Nh5 Bd8 23. c4 Be8 24. Qe2 Qc7 25. f5 Nxf5 26. Nxf5 exf5 27. Nxg7 Rxg7
28. Rxf5 Bf7 29. Rxf7 Rgxf7 30. Qg4+ Rg7 31. Qe6+ Rgf7 32. Qg4+ Rg7 1/2-1/2

[Event "British Chess Championship 2010"]
[Site "Canterbury ENG"]
[Date "2010.07.27"]
[Round "2.4"]
[White "Williams, Simon K"]
[Black "Littlewood, Paul E"]
[Result "1-0"]
[WhiteElo "2511"]
[BlackElo "2361"]
[PlyCount "115"]
[EventDate "2010.07.27"]
[EventType "swiss"]
[EventRounds "11"]
[EventCountry "ENG"]
[Source "lmi"]
[SourceDate "2010.07.25"]

1. d4 Nf6 2. c4 e6 3. Nf3 Nc6 4. Nc3 Bb4 5. Qc2 d6 6. a3 Bxc3+ 7. Qxc3 Ne7 8.
g3 O-O 9. Bg2 Ng6 10. b4 Qe7 11. Bb2 Ne4 12. Qc2 f5 13. e3 c6 14. O-O h5 15.
Nd2 Nxd2 16. Qxd2 h4 17. f4 d5 18. a4 Bd7 19. b5 Rfc8 20. Ba3 Qe8 21. Rfe1 Qf7
22. Qb4 Nf8 23. cxd5 exd5 24. Qe7 hxg3 25. hxg3 Nh7 26. bxc6 Bxc6 27. Qh4 Qe6
28. Be7 Be8 29. Ra2 Rc3 30. Bf3 Bg6 31. Rae2 Re8 32. Bg5 Qf7 33. Qh1 Nxg5 34.
fxg5 Re4 35. Bxe4 dxe4 36. Rh2 Qb3 37. Rhe2 Qxa4 38. Qh4 Rc2 39. Qf4 Rxe2 40.
Rxe2 Qd1+ 41. Qf1 Qb3 42. Qc1 Qe6 43. Qc7 Be8 44. Qxb7 Qc4 45. Qb2 Bb5 46. Qa2
Qxa2 47. Rxa2 a6 48. Rc2 Kf7 49. Rc7+ Kg6 50. Kf2 Kxg5 51. Rxg7+ Kf6 52. Rc7
Ke6 53. Rc3 Bd3 54. Kg2 Kf6 55. Kh3 Bf1+ 56. Kh4 Bb5 57. Rc7 Kg6 58. Rb7 1-0

[Event "British Chess Championship 2010"]
[Site "Canterbury ENG"]
[Date "2010.07.27"]
[Round "2.5"]
[White "Tymrakiewicz, Rafal"]
[Black "Wells, Peter K"]
[Result "1/2-1/2"]
[WhiteElo "2301"]
[BlackElo "2488"]
[PlyCount "26"]
[EventDate "2010.07.27"]
[EventType "swiss"]
[EventRounds "11"]
[EventCountry "ENG"]
[Source "lmi"]
[SourceDate "2010.07.25"]

1. d4 Nf6 2. Nf3 d5 3. e3 g6 4. Be2 Bg7 5. O-O O-O 6. Nbd2 c5 7. c3 Qc7 8. b4
b6 9. bxc5 bxc5 10. Ba3 Nbd7 11. Rb1 a6 12. Qa4 Bb7 13. dxc5 Rab8 1/2-1/2

[Event "British Chess Championship 2010"]
[Site "Canterbury ENG"]
[Date "2010.07.27"]
[Round "2.6"]
[White "Gormally, Daniel W"]
[Black "Adair, James"]
[Result "1-0"]
[WhiteElo "2480"]
[BlackElo "2205"]
[PlyCount "105"]
[EventDate "2010.07.27"]
[EventType "swiss"]
[EventRounds "11"]
[EventCountry "ENG"]
[Source "lmi"]
[SourceDate "2010.07.25"]

1. e4 c5 2. Nf3 d6 3. c3 Nf6 4. h3 g6 5. Bd3 Bg7 6. O-O O-O 7. Bc2 Nc6 8. d4 d5
9. e5 Ne4 10. Re1 cxd4 11. cxd4 Bf5 12. g4 Be6 13. Nc3 Nxc3 14. bxc3 Rc8 15.
Ng5 Na5 16. Qd3 Rc6 17. Ba4 Rc4 18. Bb5 Rc7 19. Qg3 Qc8 20. Re3 h6 21. Nxe6
Qxe6 22. Bd2 Qb6 23. e6 fxe6 24. Rxe6 Qxe6 25. Qxc7 Qb6 26. Qxb6 axb6 27. Re1
Kf7 28. Bd7 e5 29. dxe5 Nc4 30. e6+ Ke7 31. Bc1 Rf3 32. Kg2 Rxc3 33. g5 h5 34.
Bf4 Rc2 35. Rd1 d4 36. Rd3 Rxa2 37. Rf3 Be5 38. Bc1 Rc2 39. Rf7+ Kd6 40. Ba4
Kxe6 41. Rf6+ Bxf6 42. Bxc2 Be7 43. Bxg6 Ne5 44. Be4 d3 45. g6 Bb4 46. Bh6 d2
47. g7 d1=Q 48. g8=Q+ Nf7 49. Bf5+ Kxf5 50. Qxf7+ Ke5 51. Qf4+ Ke6 52. Qxb4
Qd5+ 53. f3 1-0

[Event "British Chess Championship 2010"]
[Site "Canterbury ENG"]
[Date "2010.07.27"]
[Round "2.7"]
[White "Pert, Richard G"]
[Black "Haydon, David L"]
[Result "1-0"]
[WhiteElo "2460"]
[BlackElo "2187"]
[PlyCount "115"]
[EventDate "2010.07.27"]
[EventType "swiss"]
[EventRounds "11"]
[EventCountry "ENG"]
[Source "lmi"]
[SourceDate "2010.07.25"]

1. d4 c6 2. c4 Nf6 3. Nc3 d5 4. e3 Nbd7 5. Nf3 e6 6. Qc2 Bd6 7. Bd3 Qe7 8. O-O
O-O 9. e4 dxc4 10. Bxc4 e5 11. Rd1 exd4 12. Nxd4 Nb6 13. Be2 Be5 14. Bg5 h6 15.
Bh4 Bc7 16. Nf3 Nbd7 17. Nd5 cxd5 18. Qxc7 dxe4 19. Nd4 e3 20. f3 Qb4 21. Nf5
Qxb2 22. Qg3 Nh5 23. Nxh6+ Kh8 24. Qg5 Qe5 25. Nf5 Ndf6 26. Nxe3 Qxg5 27. Bxg5
Nh7 28. Be7 Re8 29. Nd5 g6 30. Bb5 Rg8 31. Rac1 a6 32. Nb6 axb5 33. Nxa8 Nf4
34. Kf1 Be6 35. Nb6 Bxa2 36. g3 Ne6 37. Rd7 Re8 38. Rxb7 Nd4 39. Kf2 b4 40.
Bxb4 Re2+ 41. Kf1 Rxh2 42. Rc8+ Nf8 43. Rxf8+ Kg7 44. Rfxf7+ Bxf7 45. Bc3 Kh6
46. Bxd4 Be8 47. Nd5 Ba4 48. Nf6 Rc2 49. Ne4 g5 50. Rb6+ Bc6 51. Bc3 g4 52.
Rxc6+ Kh5 53. Rc5+ Kg6 54. Rg5+ Kh6 55. Rxg4 Kh5 56. Rg5+ Kh6 57. Bg7+ Kh7 58.
Nf6# 1-0

[Event "British Chess Championship 2010"]
[Site "Canterbury ENG"]
[Date "2010.07.27"]
[Round "2.8"]
[White "Rudd, Jack"]
[Black "Greet, Andrew N"]
[Result "1-0"]
[WhiteElo "2236"]
[BlackElo "2451"]
[PlyCount "49"]
[EventDate "2010.07.27"]
[EventType "swiss"]
[EventRounds "11"]
[EventCountry "ENG"]
[Source "lmi"]
[SourceDate "2010.07.25"]

1. d4 Nf6 2. c4 c5 3. d5 e5 4. Nc3 d6 5. e4 Nbd7 6. g3 g6 7. Bg2 Bg7 8. Nf3 O-O
9. O-O Ne8 10. Rb1 f5 11. Ng5 Nc7 12. exf5 gxf5 13. f4 e4 14. g4 Nb6 15. gxf5
Bxf5 16. Bxe4 Bxc3 17. bxc3 Qf6 18. Rb2 Rae8 19. Rg2 Kh8 20. Nxh7 Bxh7 21. Bxh7
Kxh7 22. Qd3+ Qf5 23. Qg3 Qf6 24. f5 Re4 25. Bf4 1-0

[Event "British Chess Championship 2010"]
[Site "Canterbury ENG"]
[Date "2010.07.27"]
[Round "2.9"]
[White "Gordon, Stephen J"]
[Black "Josse, Mark"]
[Result "1-0"]
[WhiteElo "2534"]
[BlackElo "2128"]
[PlyCount "53"]
[EventDate "2010.07.27"]
[EventType "swiss"]
[EventRounds "11"]
[EventCountry "ENG"]
[Source "lmi"]
[SourceDate "2010.07.25"]

1. c4 c6 2. Nf3 d5 3. e3 Nf6 4. Nc3 a6 5. d4 b5 6. c5 Bg4 7. Qb3 a5 8. Ne5 a4
9. Qc2 g6 10. Nxg4 Nxg4 11. Nxb5 cxb5 12. Bxb5+ Nd7 13. b4 axb3 14. Qxb3 Qc7
15. Qxd5 Rd8 16. Rb1 Bg7 17. h3 Ngf6 18. Qc4 O-O 19. O-O e5 20. a4 e4 21. Ba3
Rfe8 22. Qa2 Bf8 23. Bc4 Nb8 24. Rb6 Kg7 25. Rfb1 Nfd7 26. Rb7 Qc6 27. Bxf7 1-0

[Event "British Chess Championship 2010"]
[Site "Canterbury ENG"]
[Date "2010.07.27"]
[Round "2.10"]
[White "Houska, Jovanka"]
[Black "Henderson, Ian R"]
[Result "1-0"]
[WhiteElo "2433"]
[BlackElo "2108"]
[PlyCount "147"]
[EventDate "2010.07.27"]
[EventType "swiss"]
[EventRounds "11"]
[EventCountry "ENG"]
[Source "lmi"]
[SourceDate "2010.07.25"]

1. d4 d5 2. Nf3 Nc6 3. c4 e5 4. Nxe5 Nxe5 5. dxe5 dxc4 6. Qxd8+ Kxd8 7. Bg5+
Be7 8. Bxe7+ Nxe7 9. Na3 Ng6 10. Nxc4 Be6 11. Rd1+ Ke7 12. Rc1 c6 13. e3 Bxc4
14. Rxc4 Nxe5 15. Re4 Kd6 16. f4 Nd7 17. Bc4 Rhe8 18. Rd4+ Kc7 19. Ke2 Re7 20.
Kf3 Rae8 21. Re1 h6 22. g3 a5 23. a4 Nc5 24. e4 f6 25. b3 Kb6 26. Re3 Kc7 27.
h4 Ne6 28. Bxe6 Rxe6 29. Kg4 g6 30. Kf3 h5 31. Red3 R8e7 32. Ke3 b6 33. Kf3 c5
34. Rc4 Re8 35. Rd5 Rd6 36. Rxd6 Kxd6 37. Rc3 Ke6 38. Rd3 Rc8 39. g4 hxg4+ 40.
Kxg4 Rg8 41. Rd5 Rc8 42. Rd3 Ra8 43. Rd2 f5+ 44. exf5+ gxf5+ 45. Kh3 b5 46.
axb5 Rb8 47. h5 Rxb5 48. Rd3 Rb4 49. h6 Kf6 50. Rg3 Rb7 51. Kh4 Rd7 52. Kh5 Rd1
53. Rg6+ Kf7 54. Rc6 Rb1 55. Rxc5 Rxb3 56. Rxf5+ Kg8 57. Rxa5 Rh3+ 58. Kg6 Rg3+
59. Rg5 Rh3 60. f5 Rh1 61. Rg2 Rf1 62. Rd2 Rg1+ 63. Kf6 Rf1 64. Rd7 Rf2 65.
Rg7+ Kh8 66. Re7 Rf1 67. Kg6 Rg1+ 68. Kf7 Rf1 69. f6 Rf2 70. Ke6 Re2+ 71. Kd7
Rd2+ 72. Ke8 Rf2 73. f7 Rf1 74. Re6 1-0